Airlines at Hong Kong International Airport - Statistics

General Stats
  • This quiz has been taken 392 times
  • The average score is 38 of 85
Answer Stats
Terminal Aisle Answer % Correct
Terminal 1 B/C Cathay Pacific Airways
95%
Terminal 1 J British Airways
91%
Terminal 1 D Air France
84%
Terminal 1 G Emirates
84%
Terminal 1 J Air China
83%
Terminal 1 G United Airlines
83%
Terminal 1 J Qantas Airways
82%
Terminal 1 E All Nippon Airways
79%
Terminal 1 G Japan Airlines
79%
Terminal 1 F Singapore Airlines
79%
Terminal 1 D Delta Air Lines
78%
Terminal 1 F Lufthansa German Airlines
78%
Terminal 1 J China Eastern Airlines
77%
Terminal 1 J China Southern Airlines
77%
Terminal 1 G Korean Air
77%
Terminal 1 E American Airlines
74%
Terminal 1 D Air Canada
73%
Terminal 1 D Air India
73%
Terminal 1 F China Airlines
73%
Terminal 1 D Aeroflot Russian Airlines
72%
Terminal 1 E ETIHAD Airways
72%
Terminal 1 G Air New Zealand
71%
Terminal 1 D Malaysia Airlines
70%
Terminal 2 Q Thai Airways
70%
Terminal 1 D KLM Royal Dutch Airlines
69%
Terminal 1 E EVA Air
68%
Terminal 1 K Hong Kong Airlines
65%
Terminal 2 P AirAsia
62%
Terminal 1 D SWISS International Air Lines
62%
Terminal 1 E/J Finnair
59%
Terminal 1 D Turkish Airlines
59%
Terminal 1 D Vietnam Airlines
58%
Terminal 1 E Asiana Airlines
57%
Terminal 1 D Scandinavian Airlines
55%
Terminal 1 H Cathay Dragon
54%
Terminal 1 E Virgin Atlantic Airways
51%
Terminal 1 H EL AL Israel Airlines
49%
Terminal 1 G Ethiopian Airlines
49%
Terminal 1 D Cebu Pacific Air
47%
Terminal 2 P SCOOT
44%
Terminal 1 G VIRGIN AUSTRALIA
44%
Terminal 1 F South African Airways
38%
Terminal 2 P HK Express
35%
Terminal 1 G Peach Aviation
35%
Terminal 1 E Royal Jordanian
35%
Terminal 1 J Shanghai Airlines
35%
Terminal 1 D MIAT Mongolian Airlines
34%
Terminal 2 N Philippines Airlines
34%
Terminal 1 H Xiamen Airlines
34%
Terminal 1 E Austrian Airlines
33%
Terminal 1 D FIJI Airways
33%
Terminal 1 D Sichuan Airlines
33%
Terminal 1 F SriLankan Airlines
33%
Terminal 2 Q Air Astana
30%
Terminal 2 Q Shenzhen Airlines
30%
Terminal 2 P Jeju Air
29%
Terminal 1 E S7 Airlines
29%
Terminal 2 N VietJet Air
29%
Terminal 2 N Bangkok Airways
28%
Terminal 1 D Nepal Airlines
26%
Terminal 1 D Air Mauritius
24%
Terminal 1 D Air Busan
23%
Terminal 1 D Spring Airlines
23%
Terminal 1 G Air Niugini
21%
Terminal 1 E Air Seoul
17%
Terminal 2 P Jetstar Japan
17%
Terminal 1 G Jin Air
16%
Terminal 1 E Juneyao Airlines
16%
Terminal 2 P MALINDO AIR
16%
Terminal 2 P CAMBODIA ANGKOR AIR
15%
Terminal 1 F Mandarin Airlines
15%
Terminal 1 E T'way Air
15%
Terminal 2 P Myanmar National Airlines
13%
Terminal 2 P Thai AirAsia
13%
Terminal 2 N Vanilla Air
13%
Terminal 2 Q EASTAR Jet
12%
Terminal 2 N Jetstar Pacific
12%
Terminal 1 E Qatar Aiways
11%
Terminal 1 D Lanmei Airlines
10%
Terminal 2 Q Jetstar Asia Airways
9%
Terminal 1 E Mega Maldives
9%
Terminal 2 P Aurora Airlines
7%
Terminal 2 P JC AIRLINES
7%
Terminal 2 N AIR EXPLORE
6%
Terminal 2 P Philippines Air Asia Ltd
6%
No matching quizzes found
Score Distribution
Percent of People with Each Score
Percentile by Number Answered
Your Score History
You have not taken this quiz